|
|
|
|
| LEADER |
00000nam a22000007a 4500 |
| 005 |
2022091906456.0 |
| 007 |
cr|||| ||| |
| 008 |
220919s2010 us |||||s|||| 00||0 eng d |
| 020 |
|
|
|a 978-158576-128-9
|
| 035 |
|
|
|a 36379
|
| 040 |
|
|
|a vLex
|
| 090 |
|
|
|c 13938
|d 13938
|
| 100 |
1 |
|
|a Haar, Charles M.
|
| 245 |
1 |
0 |
|a Land use planning and the environment
|h [Recurso electrn̤ico] :
|b a casebook /
|c Charles M. Haar, Michael Allan Wolf
|
| 256 |
|
|
|a Servicio en ln̕ea
|
| 260 |
|
|
|a Washington DC:
|b Environmental Law Institute,
|c 2010
|
| 300 |
|
|
|a 1 recurso electrn̤ico
|
| 500 |
|
|
|a In Land Use Planning and the Environment, the authors have dramatically revised and updated a classic, seminal casebook, Land-Use Planning. Designed primarily for the classroom, the book takes a comprehensive approach to the teaching of planning and zoning law, regulatory takings, and environmental topics. Throughout the casebook, the authors identify and explore intersections between land use planning law and environmental regulation. They also identify the hidden environmental agenda” behind exclusionary zoning, the impact of urban sprawl on clean air and critical habitats, and other interconnections. Professors, students, and law and planning practitioners with strong backgrounds and exposure to traditional” environmental law will find these intersections a wonderful opportunity to examine familiar topics from a fresh perspective. For other users, Land Use Planning and the Environment will serve as a valuable introduction to the environmental realm, a realm that, more than perhaps any other in American law, is subject to swift and dramatic changes that require the most current teaching materials.
|
| 506 |
1 |
|
|a Disponible solo en los productos indicados
|d vLex Global
|d vLex Global (Academic Edition, excluding Law Schools)
|d vLex Global (Academic Edition, Law Schools)
|
| 650 |
0 |
4 |
|a Derecho del Medio Ambiente
|z Estados Unidos
|
| 700 |
1 |
|
|a Wolf, Michael Allan
|
| 740 |
0 |
|
|a vLex Libros (Servicio en ln̕ea)
|
| 856 |
4 |
0 |
|u https://app.vlex.com/#/sources/36379
|z Acceso restringido
|
| 942 |
|
|
|c BOOK
|
| 999 |
0 |
|
|a Environmental Law
|